Commercial litigation : (Record no. 8422)

MARC details
000 -LEADER
fixed length control field 00403nam a22001457a 4500
008 - FIXED-LENGTH DATA ELEMENTS--GENERAL INFORMATION
fixed length control field 151022b xxu||||| |||| 00| 0 eng d
020 ## - INTERNATIONAL STANDARD BOOK NUMBER
International Standard Book Number 9780414023383
082 ## - DEWEY DECIMAL CLASSIFICATION NUMBER
Classification number 346.07 GOL
100 ## - MAIN ENTRY--PERSONAL NAME
Personal name Goldrein, Iain
245 ## - TITLE STATEMENT
Title Commercial litigation :
Remainder of title pre-emptive remedies /
260 ## - PUBLICATION, DISTRIBUTION, ETC. (IMPRINT)
Place of publication, distribution, etc London :
Name of publisher, distributor, etc Sweet & MAxwell ,
Date of publication, distribution, etc 2011
300 ## - PHYSICAL DESCRIPTION
Extent cxxxii, 1396p. :
Dimensions 25cm.
500 ## - GENERAL NOTE
General note includes index
942 ## - ADDED ENTRY ELEMENTS (KOHA)
Source of classification or shelving scheme Dewey Decimal Classification
Item type Books
Holdings
Withdrawn status Lost status Source of classification or shelving scheme Damaged status Not for loan Home library Current library Shelving location Date acquired Total Checkouts Full call number Barcode Date last seen Copy number Price effective from Koha item type
    Dewey Decimal Classification     Law Development Centre Main Library Law Development Centre Main Library Text Books and Laws 10/22/2015   346.07 GOL 895/015 10/22/2015 001 10/22/2015 Books